000 00477nam a2200193Ia 4500
005 20250425161653.0
008 250425s9999 xx 000 0 und d
041 _aeng
082 _a624.17
100 _aBAKER, JOHN FLEETWOOD
245 0 _aTHE STEEL SKELETON. VOLUME II
250 _a1ST ED.
260 _aCAMBRIDGE
260 _aReino Unido
_bCAMBRIDGE UNIVERSITY PRESS
_c1965
300 _a408
650 _aESTRUCTURAS DE ACERO
942 _c01
010 _a25520
999 _c213765
_d213765